| 000 | 01347nam a2200325 a 4500 | ||
|---|---|---|---|
| 999 |
_c163480 _d163480 |
||
| 003 | BLK | ||
| 005 | 20231102095212.0 | ||
| 008 | 180410b bul|||||r ||||||| ||bul|| | ||
| 010 | _aKNG00170908000 | ||
| 040 | _aBLK | ||
| 041 |
_aBUL _cBUL |
||
| 080 |
_aБългарска литература _b821.163.2 _x-93-32 _z821.163.2-93-32 |
||
| 100 | 1 |
_aПопова-Мутафова, Фани Добрева _d1902-1977 _gписател _eпърви автор _9366640 |
|
| 139 |
_aПопова-Мутафова, Фани Добрева _bП 76 |
||
| 245 | 1 | 0 |
_aПо стръмното към звездите _bИстор. разказ за Петър Берон : За деца _cФани Добрева Попова-Мутафова; нарис. Нона Чипева. |
| 257 | _aBGR | ||
| 260 |
_aСофия _bОтечество _c1977 |
||
| 300 |
_a32 с. _bс ил. _c32 см |
||
| 380 | _aDX | ||
| 490 |
_aБиблиотека България древна и млада _9203851 |
||
| 500 | _aКор. опис. | ||
| 700 | 1 |
_aЧипева, Нона _eнарис. _9381952 |
|
| 852 | _aЦб ІІ 20911 | ||
| 856 | 4 |
_qpdf _i0.55 _ldisable |
|
| 856 | 4 |
_qpdf _i0.55 _ldisable |
|
| 942 |
_cKNG _n0 _s1 _01 |
||
| 944 |
_aCR _c09.02.2015 _k30537 _lГрета Цуфелде |
||
| 944 |
_aED _c05.10.2016 _kГеновева_Генчева |
||
| 999 | _d163480 | ||